000
00485nam a2200181Ia 4500
008
090123s9999 xx 000 0 und d
082
_b
9984
_a
891.463/नंदा
100
_a
नंदा गुलशन
245
_a
कांचन
250
_a
1
260
_b
मनोरंजन
_c
1974
300
_a
131
600
_a
नंदा गुलशन
630
_a
कांचन
700
_a
नंदा गुलशन
730
_a
कांचन
942
_c
BOOK
999
_c
48050
_d
48050